Crave - Paramore - Statistics

General Stats
  • This quiz has been taken 17 times
  • The average score is 186 of 235
Answer Stats
Hint Answer % Correct
a
100%
again
100%
all
100%
can't
100%
crave
100%
Chorus Crave
100%
do
100%
feel
100%
feels
100%
Verse 1 | Verse 2 I
100%
it
100%
it)
100%
me
100%
memorize
100%
picture
100%
second
100%
Chorus So
100%
so
100%
the
100%
this
100%
to
100%
(to
100%
wait
100%
way
100%
contain
88%
day
88%
I'm
88%
just
88%
already
75%
an
75%
and
75%
of
75%
oh
75%
present"
75%
present
75%
say
75%
you
75%
begins
63%
but
63%
come
63%
dreamin'
63%
end
63%
feelin'
63%
felt
63%
for
63%
how
63%
in
63%
know
63%
"live
63%
missin'
63%
moment
63%
not
63%
simple
63%
tryin'
63%
when
63%
alive
50%
bein'
50%
cry
50%
even
50%
make
50%
savor
50%
took
50%
was
50%
who
50%
will
50%
connectin'
38%
could
38%
future
38%
look
38%
past
38%
reflection
38%
romanticize
38%
see
38%
times
38%
up
38%
worst
38%
Bridge Any
25%
any
25%
now
25%
Chorus Now
25%
that
25%
'em
13%
gave
13%
if
13%
never
13%
older
13%
pain
13%
someone
13%
told
13%
wanna
13%
what
13%
change
0%
di
0%
I'd
0%
Isn't
0%
there
0%
No matching quizzes found
Score Distribution
Percent of People with Each Score
Percentile by Number Answered
Your Score History
You have not taken this quiz